Česko - anglický technický slovník P - Ž : Czech - English Technical Dictionary

Salvato in:
Dettagli Bibliografici
Autore principale: Zahradníček, Tomáš (Autore)
Natura: Libro
Lingua:ceco
inglese
Pubblicazione: Ostrava : Montanex, 2002
Edizione:1. vyd.
Soggetti:
Tags: Aggiungi Tag
Nessun Tag, puoi essere il primo ad aggiungerne!!

MARC

LEADER 00000nam a22000003a 4500
001 stu78596
005 20150617225643.4
008 030123s2002----xr------------------cze-d
020 |a 80-7225-074-4 
040 |a STU  |b slo 
041 0 |a cze  |a eng 
044 |a xr 
080 |a 801.316.4=850=20  |7 stu_us_auth*stu9827 
100 1 |a Zahradníček, Tomáš  |4 aut 
245 1 |a Česko - anglický technický slovník P - Ž :  |b Czech - English Technical Dictionary 
250 |a 1. vyd. 
260 |a Ostrava :  |b Montanex,  |c 2002 
300 |a 665 s 
650 7 |a slovníky anglické  |2 stusub 
650 7 |a technika  |2 stusub 
996 |b 284J010211  |c J*100427  |l JJST  |s P  |a 0  |w stu78596_0001 
996 |b 284J010210  |c J*100426  |l JJST  |s P  |a 0  |w stu78596_0002 
996 |b C97046  |c C*97046  |l CCIV  |s P  |a 0  |w stu78596_0003